Chotkovské Veltrusy /

Hlavní autor: Špecinger, Otakar, 1923-2014
Jazyk: Čeština
Vydáno: Kralupy n. Vlt. : Dům osvěty, 1962
Vydání: 4. vyd.
Edice: Kralupské vlastivědné sešity
Fyzický popis: 15 s. ; 8°
Knihy
Uloženo v:
LEADER 01064nam a22003132a 4500
001 000446758
003 CZ BrMZK
005 20150410174847.0
007 ta
008 980105s1962 xr f cze d
015 |a cnb000689291 
020 |q (Brož.) 
035 |a (OCoLC)85195586 
040 |a ABA001  |b cze  |c LIA001  |d ABA001  |d BOA001 
080 9 |a 943.71 Veltrusy 
080 9 |a 728.82(437.1 Veltrusy) 
080 9 |a 908.437.1 Veltrusy 
100 1 |a Špecinger, Otakar,  |d 1923-2014  |7 jk01130862  |4 aut 
245 1 0 |a Chotkovské Veltrusy /  |c Otakar Špecinger ; fot.: Oldřich Měrka 
250 |a 4. vyd. 
260 |a Kralupy n. Vlt. :  |b Dům osvěty,  |c 1962  |e (Slaný :  |f SČT 304) 
300 |a 15 s. ;  |c 8° 
490 1 |a Kralupské vlastivědné sešity ;  |v čís. 7 
500 |a 11500-16500 výt. 
830 0 |a Kralupské vlastivědné sešity 
910 |a BOA001  |b 2-0467.653  |b PK-0030.396 
990 |a BK 
995 |a 01 
996 6 |b 3119652304  |c PK-0030.396  |d 1957 7 (4.vyd. 1962)  |v 1957  |i 7.4  |y 1957  |l MZK  |r Sklad / do 1 hodiny  |n 3  |w 000446761  |u 000110  |a 1  |e BOA001  |j MZK50  |s P